*Pisma zebrane

Titel: *Pisma zebrane / Stefan Żeromski
Teil: 35
Ser. 6*Listy
1893 - 1896
Verfasser:
Ausgabe: 1. wyd.
Veröffentlicht: Warszawa : Czytelnik, 2001
Umfang: 412 S.
Format: Buch
Sprache: Polnisch
Schriftenreihe/
mehrbändiges Werk:
*Pisma zebrane / Stefan Żeromski ; 35 : Ser. 6*Listy
alle Bände anzeigen
ISBN: 8307028000
Buchumschlag
X
alg: 10411059
001A    $00030:05-04-02 
001B    $03025:19-12-25 $t13:45:29.000 
001C    $00026:29-12-16 $t14:50:05.000 
001D    $00030:05-04-02 
001U    $0utf8 
001X    $00 
002@    $0Afy 
003@    $0104110597 
003O    $0614740446 $aOCoLC 
004A    $083-07-02800-0 
007A    $0104110597 $aHEB 
007T    $0Herd57985 
010@    $apol 
011@    $a2001 
021A    $a1893 - 1896 
028A    $#Żeromski, Stefan $#Zych, Maurycy $#Katerla, Józef $#Żeromski-Zych, ... $#Žeromskij, Stefan $#Zheromskiĭ, Stefan $#Žeromśkij, Stefan $#Žeromski, Stefan $#Je-lo-mu-ssu-chi $#Ż., Stefan $#Jeromsky, Stéphane $#Zsheromski, Stefan $#Zsheromsḳi, Sṭefan $#Zeromski, Stefan $#Katerla, Jósef $#Zych, Maurycy $#Si te fan · Re luo mu si qi $#斯特凡·热罗姆斯基 $#斯特凡·熱羅姆斯基 $#זשעראמסקי, סטעפאן $#Re luo mu si qi $#热罗姆斯基 $#熱羅姆斯基 $#Shen lang si qi $#什朗斯奇 $#什朗斯奇 $7118808419 $8Żeromski, Stefan$Z1864-1925 [Tp1] $9087148994 
032@    $a1. wyd. 
033A    $pWarszawa $nCzytelnik 
034D    $a412 S. 
036C    $a*Pisma zebrane $x235 $hStefan Żeromski $l35 
036C/01 $aSer. 6*Listy 
036D    $x235 $8Pisma zebrane / Stefan Żeromski $9009489657 
039U    $8--Aox--Florczak, Zbigniew. Z odmętu niecierpliwości, 2001 $9394858344 

lok: 10411059 3
101B    $026-03-04 $t16:42:57.000 
101C    $026-03-04 
145S/01 $a036 
101U    $0utf8 

exp: 10411059 3 1 #EPN
201B/01 $026-03-04 $t16:42:57.000 
201C/01 $005-04-02 
203@/01 $0169929728 
208@/01 $a05-04-02 $bzAa 
209A/01 $a82.273.01 Bd. 35 $du $f000 $h82 273 01 / B 35 $x00 
209G/01 $a65358778 $x00 
247C/01 $8601000-3 <30>Frankfurt, Universitätsbibliothek J. C. Senckenberg, Zentralbibliothek (ZB) $9102598258 
201U/01 $0utf8 

lok: 10411059 66

exp: 10411059 66 1 #EPN
201B/01 $018-01-10 $t15:16:40.000 
201U/01 $0utf8 
203@/01 $0587276576 
208@/01 $a03-12-09 $br 
209A/01 $aD 2 Żer/Pis-35 $du $f000 $x00 
209C/01 $a02/L1395 
247C/01 $8618123-5 Darmstadt, Bibliothek des Deutschen Polen-Instituts $9102600902 

lok: 10411059 78

exp: 10411059 78 1 #EPN
201B/01 $019-12-25 $t13:36:41.000 
201C/01 $019-12-25 
201U/01 $0utf8 
203@/01 $01329738136 
208@/01 $a19-12-25 $be 
209A/01 $a/ $f000 $x00 
209A/01 $ab*p $x01 
220C/01 $aTitelaufnehmer: pbb;pg 
220C/01 $aAnmerkung: *NG 
220C/01 $apgar 
244Z/01 $a--Trx--Polska$gkraj $2Trx $#Poola $#Lenkija $#Polija $#Polen Land $#Poland $#Lengyelország $#Poľsko $#Polsko $8--Trx--Polska$gkraj $x01 $9391345966 
244Z/01 $aGeschichte 1893-1896 $x02 
244Z/01 $a--Tp1--Żeromski, Stefan$Z1864-1925 $#Żeromski, Stefan $#Zych, Maurycy $#Katerla, Józef $#Żeromski-Zych, ... $#Žeromskij, Stefan $#Zheromskiĭ, Stefan $#Žeromśkij, Stefan $#Žeromski, Stefan $#Je-lo-mu-ssu-chi $#Ż., Stefan $#Jeromsky, Stéphane $#Zsheromski, Stefan $#Zsheromsḳi, Sṭefan $#Zeromski, Stefan $#Katerla, Jósef $#Zych, Maurycy $#Si te fan · Re luo mu si qi $#斯特凡·热罗姆斯基 $#斯特凡·熱羅姆斯基 $#זשעראמסקי, סטעפאן $#Re luo mu si qi $#热罗姆斯基 $#熱羅姆斯基 $#Shen lang si qi $#什朗斯奇 $#什朗斯奇 $7118808419 $8--Tp1--Żeromski, Stefan$Z1864-1925 $x03 $9087148994 
244Z/01 $a--Trx--Schriftsteller $2Trx $#kirjanikud $#rašytojai $#writers $#írók $#pisarze $#spisovatelia $#spisovatelé $8--Trx--Schriftsteller $x04 $9391382659 
244Z/01 $a--Trx--Monographie $2Trx $8--Trx--Monographie $x05 $9391384546 
245Z/01 $a12.03 $x01 
247C/01 $82080>Marburg/Lahn, Herder-Institut, Forschungsbibliothek, Bibliographieportal $9336309341
LEADER 00000cam a22000002cc4500
001 104110597
003 DE-603
005 20251219134529.0
007 tu
008 020405s2001 xx |||| | u00||u|pol c
020 |a 8307028000 
035 |a (DE-599)HEB104110597 
035 |a (OCoLC)614740446 
040 |a DE-603  |b ger  |c DE-603  |d DE-603 
041 |a pol 
100 1 |a Żeromski, Stefan  |d 1864-1925  |0 (DE-603)087148994  |0 (DE-588)118808419  |2 gnd 
245 0 0 |a *Pisma zebrane  |n 35  |n [...]  |p Ser. 6*Listy  |p 1893 - 1896  |c Stefan Żeromski 
250 |a 1. wyd. 
264 1 |a Warszawa  |b Czytelnik  |c 2001 
300 |a 412 S. 
773 0 8 |q 235  |w (DE-603)009489657 
787 0 8 |i Rezensiert in  |a Florczak, Zbigniew  |t Z odmętu niecierpliwości  |w (DE-603)394858344 
924 0 |9 30  |a (DE-603)169929728  |b DE-30  |c HES  |d c  |g 82.273.01 Bd. 35 
924 0 |9 Ds 123  |a (DE-603)587276576  |b DE-Ds123  |c HES  |d d  |g D 2 Żer/Pis-35 
924 0 |9 2080  |a (DE-603)1329738136  |b DE-2080  |c HES  |d d  |g /